Statistics for Survivor Contestants Season 29: San Juan del Sur

Click here to take the quiz!

General Stats

  • This quiz has been taken 76 times
  • The average score is 15 of 18

Answer Stats

FinishContestant% Correct
WinnerNatalie Anderson
100%
4thKeith Nale
96%
3rdMissy Payne
92%
5thBaylor Wilson
90%
14thKelley Wentworth
90%
9thWes Nale
90%
10thJeremy Collins
88%
6thJon Misch
88%
2ndJaclyn Schultz
87%
16thJohn Rocker
87%
18thNadiya Anderson
87%
17thVal Collins
87%
8thReed Kelly
83%
13thDale Wentworth
79%
7thAlec Christy
75%
11thJosh Canfield
75%
12thJulie McGee
75%
15thDrew Christy
71%

Score Distribution

Percentile by Number Answered

Percent of People with Each Score

Your Score History

You have not taken this quiz